00334nam a2200133Ia 4500008004100000100003900041245002300080250001200103260004100115300000800156650001400164942000700178999001500185190216s9999||||xx |||||||||||||| ||und|| aKalman J Cohen And Richard M Cyert 0aTheory Of The Firm a2nd Ed. bPrentice Hall Of India Pvt Ltdc1976 a524 aEconomics cBK c9739d9739